LEADER 00981nam0-2200337---450- 001 990010083010403321 005 20160623110250.0 010 $a0896035166 035 $a001008301 035 $aFED01001008301 035 $a(Aleph)001008301FED01 035 $a001008301 100 $a20160623d1999----km-y0itay50------ba 101 0 $aeng 102 $aUS 105 $a--------001yy 200 1 $aTissue engineering methods and protocols$fedited by Jeffrey R. Morgan and Martin L. Yarmush. 210 $aTotowa, N.J.$cHumana Press$d1999 215 $aXVI, 629 p.$cill.$d24 cm 225 1 $aMethods in molecular medicine$v18 300 $aIncludes bibliographical references and index. 610 0 $aIngegneria$aTessuti 676 $a571 700 1$aMorgan,$bJeffrey Robert. 701 1$aYarmush$bMartin L. 801 0$aIT$bUNINA$gRICA$2UNIMARC 901 $aBK 912 $a990010083010403321 952 $a14 P.002.057$b4412$fDINMP 959 $aDINMP 997 $aUNINA